000 00517nam a2200193 i 4500
001 146025
003 ES-MaACL
005 20240529062948.0
007 t|
008 071018s1961 mx ||||1| spa d
100 1 _aVega, Lope de,
_d1562-1635
_9113563
245 1 3 _aLa siega /
_cLope de Vega.
260 _aMéxico :
_b[s.n.,
_c1961]
300 _a52 p. ;
_c18 cm.
490 1 _aTeatro de bolsillo
830 0 _aTeatro de bolsillo
_9220809
852 _aES-MaACL
_j2041-F-8
_bR.59697
999 _c146025
_d146025